00868nam a2200241Ia 4500003000400000005001700004008004100021020001500062040001800077041000800095082001900103100003400122245007600156250001200232260005500244300002900299650003700328650003800365650004600403942002600449999001900475952013200494OSt20260107110407.0210716s1998 xx 000 0 und d a8175151560 cAIMIT LIBRARY aeng a621.399 bKERI aKerlow, Isaac Victor.9250397 aArt of 3-D :bcomputer animation and imaging /cBy Isaac Victor Kerlow. a1st ed. aNew Delhi :bGalgotia Publication Pvt Ltd ,c1998. axx,412 p.;bPBc25.3 cm. a Bag of new magic tricks9250398 aBasic modeling techniques9250399 aOverview of the rendering process9250473 2ddccBKk621.399 KERI c187146d187146 001040708MCAaAIMITbAIMITePremier Bookshopg395.00l0o621.399 KERIpMCA06654r2025-07-21 00:00:00v316.00w2021-07-16yBK